Państwa kończące się tą samą literą co się zaczynają - Statystyki

Ogólne statystyki
  • Ten quiz został rozwiązany 104 razy
  • Średni wynik to 8 z 11
Statystyki odpowiedzi
Litera Kontynent Państwo % Poprawnych
A Europa Andora
93%
A Oceania Australia
90%
A Europa Albania
88%
A Ameryka Południowa Argentyna
85%
A Europa Austria
85%
A Afryka Algieria
75%
A Azja Armenia
73%
A Afryka Angola
70%
A Azja Arabia Saudyjska
66%
A Ameryka Środkowa Antigua i Barbuda
63%
S Ameryka Środkowa Saint Kitts i Nevis
43%
Nie znaleziono quizów pasujących do podanych kryteriów
Rozkład punktacji
Procent ludzi z każdym wynikiem
Percentyl według liczby udzielonych odpowiedzi
Twoja historia wyników
Nie rozwiązałeś tego quizu